000 01457nam a2200265 a 4500
001 000000412
005 20240412074158.0
008 081127s2007 dr r 000 d spa d
020 _a9789993439493
040 _aDO-SdBNP
_bspa
_cBNPHU
082 _aRD862.5
_bM953f
245 0 3 _aLa mujer frente al espejo :
_bantología anotada de dramaturgas dominicanas contemporáneas /
_ccompilado por L. Howard Quackenbush.
260 _aSanto Domingo :
_bLa Trinitaria,
_c2007.
300 _a383 p. ;
_c23 cm.
500 _aIncluye datos biográficos del compilador en la solapa de la cubierta
505 0 _aIntroducción --
_tLa eterna Eva y el insoportable Adán --
_tWish-ky Sour (trago amargo) --
_tYo soy Minerva! (Confisiones más allá de la vida y la muerte) --
_tLa querida de Don José --
_tMinerva y Manolo, amor y lucha --
_tPor hora y a Piece-Work --
_tEstrategias del otro yo: el mundo de Claudia --
_tLa tierra es de nosotros, 2004 --
_tEspejismo --
_tHermanas --
_t¿Estamos listos...? --
_tConclusión --
_tBibliografía.
590 _aInventariado, 2019/BT
650 4 _aTeatro dominicano
_ySIGLO XX
_91381
650 4 _aDrama dominicano
_ySIGLO XX
_91382
650 4 _aMujeres como autoras
_zRepública Dominicana
_xHistoria y crítica
_ySIGLO XX
_91383
650 4 _aDrama domincan0
_xHistoria y crítica
_ySIGLO XX
_91384
650 0 _aLiteratura dominicana.
_967
700 1 2 _aQuackenbush, L. Howard,
_ecomp.
_91385
910 _aValidado. Control de calidad. MFF
999 _c410
_d410